|
|
|
|
| LEADER |
00000naa2a2200000 4500 |
| 001 |
624441 |
| 005 |
20231101133319.0 |
| 035 |
|
|
|a (RuTPU)RU\TPU\conf\23701
|
| 035 |
|
|
|a RU\TPU\conf\23698
|
| 090 |
|
|
|a 624441
|
| 100 |
|
|
|a 20171122d2017 k y0rusy50 ca
|
| 101 |
0 |
|
|a rus
|
| 102 |
|
|
|a RU
|
| 105 |
|
|
|a y z 100zy
|
| 135 |
|
|
|a drgn ---uucaa
|
| 181 |
|
0 |
|a i
|
| 182 |
|
0 |
|a b
|
| 200 |
1 |
|
|a К вопросу о составе и возрасте джидинской свиты (Джидинская зона, Западное Забайкалье)
|f В. С. Ташлыков
|g науч. рук. О. Р. Минина
|
| 203 |
|
|
|a Текст
|c электронный
|
| 225 |
1 |
|
|a Палеонтология, стратиграфия и региональная геология. Геоинформационные системы в науках о Земле
|
| 230 |
|
|
|a 1 компьютерный файл (pdf; 346 Kb)
|
| 300 |
|
|
|a Заглавие с экрана
|
| 320 |
|
|
|a [Библиогр.: с. 78 (13 назв.]
|
| 461 |
|
1 |
|0 (RuTPU)RU\TPU\conf\21932
|t Проблемы геологии и освоения недр
|o труды XXI Международного симпозиума имени академика М. А. Усова студентов и молодых ученых, посвященного 130-летию со дня рождения профессора М. И. Кучина, Томск, 3-7 апреля 2017 г.
|o в 2 т.
|f Национальный исследовательский Томский политехнический университет (ТПУ), Институт природных ресурсов (ИПР) ; под ред. А. С. Боева
|d 2017
|
| 463 |
|
1 |
|0 (RuTPU)RU\TPU\conf\21936
|t Т. 1
|v [С. 77-78]
|d 2017
|
| 610 |
1 |
|
|a электронный ресурс
|
| 610 |
1 |
|
|a Западное Забайкалье
|
| 610 |
1 |
|
|a джидинская свита
|
| 610 |
1 |
|
|a терригенные пачки
|
| 610 |
1 |
|
|a терригенные породы
|
| 610 |
1 |
|
|a осадконакопление
|
| 610 |
1 |
|
|a палеобассейны
|
| 610 |
1 |
|
|a отложения
|
| 700 |
|
1 |
|a Ташлыков
|b В. С.
|
| 702 |
|
1 |
|a Минина
|b О. Р.
|4 727
|
| 712 |
0 |
2 |
|a Бурятский государственный университет (БГУ)
|c (Улан-Удэ)
|2 stltpush
|3 (RuTPU)RU\TPU\col\15778
|
| 801 |
|
2 |
|a RU
|b 63413507
|c 20171201
|g RCR
|
| 856 |
4 |
|
|u http://earchive.tpu.ru/handle/11683/44317
|
| 942 |
|
|
|c BK
|